00461nam a2200181Ia 4500008004100000020001800041050001400059100002600073245002200099245005700121260001500178260001600193260000900209300001500218300002000233300001000253300001600263170918s9999 xx 000 0 und d a9789810896393 bD583 2005 aDinbergs, Holly Smith aBowling buddies / cby Holly Smith Dinbergs ; illustrated by Lloyd Foye. aNew York : bScholastic, c2005 a43 pages : billustrations ; c20cm. eGirlz rock!